Welcome to the Holygrace Academy Library

Please use search bar below to get started

MATHEMATICS RANK SCORER (Record no. 2173)

MARC details
000 -LEADER
fixed length control field 00294nam a22001217a 4500
082 ## - DEWEY DECIMAL CLASSIFICATION NUMBER
Classification number 030
Item number CHA/M
100 ## - MAIN ENTRY--AUTHOR NAME
Personal name CHANDRAN, SUDHEESH
245 ## - TITLE STATEMENT
Title MATHEMATICS RANK SCORER
260 ## - PUBLICATION, DISTRIBUTION, ETC. (IMPRINT)
Place of publication TRIVANDRUM
Name of publisher MATHEMATICS RANK SCORER
300 ## - PHYSICAL DESCRIPTION
Number of Pages 467
650 ## - SUBJECT ADDED ENTRY--TOPICAL TERM
Topical Term MATHEMATICS ENCYCLOPEDIA
Geographic subdivision INDIA
942 ## - ADDED ENTRY ELEMENTS (KOHA)
Koha item type Books
Holdings
Withdrawn status Lost status Collection code Home library Current library Shelving location Date acquired Source of acquisition Cost, normal purchase price Full call number Accession Number Koha item type
    Reference Main Library Main Library SHELF 1 H -DICTIONARY, ENCYCLOPEDIA 27/09/2016 purchase 450.00 030 CHA/M 09773 Books